000 01201nam a2200265Ia 4500
003 OSt
005 20220918111955.0
006 a|||||r|||| 00| 0
007 ta
008 220915b |||||||| |||| 00| 0 hin d
020 _a9788171195381 (hbk)
024 _a915
037 _b428, 28/01/2011, Eastern Book Linkers
037 _cTextbook
040 _bhin
_aARTS
_cARTS
041 _ahin
082 _aP152, 152P0 (TTPH)
100 _aश्रीवास्तव, रवीन्द्रनाथ; सूरजभान सिंह, {और अन्य}, संपा.
_911560
245 0 _aअनुप्रयुक्त भाषाविज्ञान: सिद्धांत एवं प्रयोग
246 _aAnuprayukta bhāṣhāvijnyāna: siddhāanta evan prayoga
260 _aनई
_bदिल्ली राधाकृष्ण भारत
_c2010
300 _a394पृ0
_ccm.
942 _hP152, 152P0 (TTPH)
_cTB
_2CC
999 _c117629
_d117629